| 000 | 00522nmm a2200169Ia 4500 | ||
|---|---|---|---|
| 008 | 251105s9999||||xx |||||||||||||||||und|| | ||
| 020 | _a9788484897392 | ||
| 041 | _aspa | ||
| 100 | _aDixon, Victor | ||
| 245 | 0 |
_aEn busca del Fénix : _b Quince estudios sobre Lope de Vega y su teatro |
|
| 264 |
_a[Madrid, España] : _bIberoamericana Vervuert, _c2013 |
||
| 300 | _a346 páginas | ||
| 490 | _aEscena clásica | ||
| 650 | _aSpanish literature | ||
| 856 | _uhttps://public.digitaliapublishing.com/a/56762 | ||
| 942 | _cCF | ||
| 999 |
_c86781 _d86781 |
||